000 01118cab a2200229 4500
001 ABS44529
008 090401t1991 xxu||||| |||| 00| 0 eng d
035 _a(Sirsi) u47678
041 _aeng
100 _aButler, A.
245 _aAir pollution control in quarry operations: the impact of the Environmental Protection Act
260 _c1991
350 _a0
490 _aQuarry Management
_vMay 1991, 33-35(3)
520 _aAmongst the varied provisions of the Environmental Protection Act 1990 are several which will affect the quarrying industry. Though certain benefits will accrue from increased pollution control , the administrative costs of compliance with the Act will be severe. Following a brief reminder of existing legislation, the article summarizes Part 1 of the new Act, comments on the transfer of much of the minerals industry to local authority control and ends with a precis of forthcoming guidance notes.
650 _aEnvironment
_96238
650 _aEXTRACTIVE INDUSTRIES
690 _aENVIRONMENTAL AND LAND CONSULTANCY
700 _aCrook, M.
942 _n0
948 _c04/03/1997
999 _c30051
_d30051